Directions in Australian Electoral Reform (Record no. 351081)
[ view plain ]
| 000 -LEADER | |
|---|---|
| fixed length control field | 00686nam a2200133Ia 4500 |
| 008 - FIXED-LENGTH DATA ELEMENTS--GENERAL INFORMATION | |
| fixed length control field | 171212s9999 xx 000 0 und d |
| 020 ## - INTERNATIONAL STANDARD BOOK NUMBER | |
| International Standard Book Number | 9781921862878 |
| 100 ## - MAIN ENTRY--PERSONAL NAME | |
| Personal name | Kelly, Norm |
| 245 ## - TITLE STATEMENT | |
| Statement of responsibility, etc | Kelly, Norm |
| Title | Directions in Australian Electoral Reform |
| Remainder of title | Professionalism and Partisanship in Electoral Management |
| 260 ## - PUBLICATION, DISTRIBUTION, ETC. (IMPRINT) | |
| Name of publisher, distributor, etc | ANU E Press |
| Date of publication, distribution, etc | 2012 |
| 650 ## - SUBJECT ADDED ENTRY--TOPICAL TERM | |
| Topical term or geographic name as entry element | Elections -- Australia -- History; Election law -- Australia -- History; Law reform -- Australia -- History; Voting -- Australia -- History; Representative government and representation -- Australia -- History; Australia -- Politics and government |
| 650 ## - SUBJECT ADDED ENTRY--TOPICAL TERM | |
| Topical term or geographic name as entry element | Political Science |
| 856 ## - ELECTRONIC LOCATION AND ACCESS | |
| Uniform Resource Identifier | <a href="www.jstor.org/stable/10.2307/j.ctt24hbxv">www.jstor.org/stable/10.2307/j.ctt24hbxv</a> |
| Withdrawn status | Lost status | Damaged status | Home library | Current library | Date acquired | Total Checkouts | Date last seen | Price effective from | Koha item type |
|---|---|---|---|---|---|---|---|---|---|
| College Library | College Library | 12/12/2017 | 12/12/2017 | 12/12/2017 | Curriculum - Based eBooks |